Dynamic programming: applications to agriculture and natural resources
Guardat en:
| Autor principal: | |
|---|---|
| Format: | Llibre |
| Idioma: | anglès |
| Publicat: |
Londres
Elsevier
1986
|
| Matèries: | |
| Etiquetes: |
Afegir etiqueta
Sense etiquetes, Sigues el primer a etiquetar aquest registre!
|
MARC
| LEADER | 00000nam a2200000 a 4500 | ||
|---|---|---|---|
| 001 | UCV4968 | ||
| 003 | CL-VaPUC | ||
| 008 | 911125e19860000UK |||||||||||||||||eng|d | ||
| 082 | 0 | 4 | |a 630 |b KEN |2 21 |
| 100 | 0 | |a Kennedy, John O. S |e author |9 299168 | |
| 245 | 1 | 0 | |a Dynamic programming: applications to agriculture and natural resources |
| 300 | |a 341 p | ||
| 942 | |c BK | ||
| 945 | |d 19911125 00:00:00 | ||
| 260 | |a Londres |b Elsevier |c 1986 | ||
| 650 | 7 | |a RECURSOS AGRICOLAS ADMINISTRACION |2 CL-VaPUC |9 261387 | |
| 650 | 0 | |a Modelos matemáticos |9 259437 | |
| 650 | 7 | |a RECURSOS NATURALES ADMINISTRACION |2 CL-VaPUC |9 261388 | |
| 583 | |a last modification |c 19911125 00:00:00 |k Rodrigo Vera | ||
| 999 | |c 211582 |d 211580 | ||
| 952 | |0 0 |1 0 |4 0 |6 630_000000000000000_KEN_1986 |7 0 |8 CCM |9 191256 |a BIBCUR |b BIBCUR |d 2019-11-14 |i 2588854 |o 630 KEN 1986 |p 2588854 |r 2025-04-22 |w 2019-11-14 |y BK |k CIM | ||